Moderní tréninkové metody : dílčí kapitoly z knihy ... : Moderní metody v tréninku kopané /

Hlavní autor: Pálfai, János, 1907-1991
Korporativní autor: Československý svaz tělesné výchovy. Ústřední výbor
Další autoři: Navara, Milan, 1928-2013
Jazyk: Čeština
Vydáno: [Praha] : Československý svaz tělesné výchovy, 1964
Edice: Metodický dopis (Československý svaz tělesné výchovy)
Témata:
Fyzický popis: 47 s. ; 4°
Knihy
Uloženo v:
LEADER 01569nam a22003972a 4500
001 001731786
003 CZ BrMZK
005 20200520154933.0
007 ta
008 200220s1964 xr er|||||||||||cze d
015 |a cnb000482261 
035 |a (OCoLC)42117700 
040 |a ABD014  |b cze  |c ABD014  |d BOA001 
041 1 |a cze  |h hun 
072 7 |a 796  |x Sport. Hry. Tělesná cvičení  |2 Konspekt  |9 20 
080 |a 796.332  |2 MRF 
080 |a 796.015  |2 MRF 
100 1 |a Pálfai, János,  |d 1907-1991  |7 jx20080728059  |4 aut 
245 1 0 |a Moderní tréninkové metody :  |b dílčí kapitoly z knihy ... : Moderní metody v tréninku kopané /  |c János Pálfai ; [předmluva] Milan Navara 
260 |a [Praha] :  |b Československý svaz tělesné výchovy,  |c 1964 
300 |a 47 s. ;  |c 4° 
490 1 |a Metodický dopis ;  |v č. 2 (6), 1964 
500 |a Přeloženo z maďarštiny 
504 |a Obsahuje bibliografii 
550 |a Vydavatel: Ústřední výbor Československého svazu tělesné výchovy 
650 0 4 |a trénink kopané 
650 0 7 |a fotbal  |7 ph114578  |2 czenas 
650 0 7 |a sportovní trénink  |7 ph125957  |2 czenas 
655 7 |a učební texty  |7 fd133599  |2 czenas 
700 1 |a Navara, Milan,  |d 1928-2013  |7 jk01082729  |4 wfw 
710 2 |a Československý svaz tělesné výchovy.  |b Ústřední výbor  |7 kn20050504083 
830 0 |a Metodický dopis (Československý svaz tělesné výchovy)  |0 s 
910 |a BOA001  |b X2-0532.088 
990 |a BK 
991 |b 202002 
996 6 |b 2618848049  |c X2-0532.088  |l MZK  |r Sklad / do 24 hodin  |n 0  |w 001783423  |u 000010  |a 1  |e BOA001  |j MZK50  |s P